000 00438nmm a2200145Ia 4500
008 251105s9999||||xx |||||||||||||||||und||
041 _aspa
100 _aStevenson, Robert Louis
245 0 _aEl extraño caso del Dr. Jekyll y Mr. Hide
264 _a[Madrid, España] :
_bCastalia Ediciones,
_c2009
300 _a144 páginas
650 _aEnglish Narrative
856 _uhttps://public.digitaliapublishing.com/a/31041
942 _cCF
999 _c104292
_d104292